Responsabilidad social empresarial del contador público en las pymes de Cartagena / (Registro nro. 49063)
[ vista simple ]
| 000 -LEADER | |
|---|---|
| fixed length control field | 02091nam a2200265 i 4500 |
| 005 - DATE AND TIME OF LATEST TRANSACTION | |
| control field | 20250626211118.0 |
| 007 - PHYSICAL DESCRIPTION FIXED FIELD--GENERAL INFORMATION | |
| fixed length control field | ta |
| 008 - FIXED-LENGTH DATA ELEMENTS--GENERAL INFORMATION | |
| fixed length control field | 200622s2025 000 0 eng d |
| 040 ## - CATALOGING SOURCE | |
| Original cataloging agency | CO-CtgCURN |
| Language of cataloging | spa |
| Transcribing agency | coctgcurn |
| Description conventions | rda |
| 082 0# - DEWEY DECIMAL CLASSIFICATION NUMBER | |
| Classification number | COP 2025 |
| Item number | C764 |
| 100 1# - MAIN ENTRY--PERSONAL NAME | |
| Personal name | Contreras Rocha, Belsy Yaneth , |
| Relator term | author. |
| Relationship | aut |
| 245 10 - TITLE STATEMENT | |
| Title | Responsabilidad social empresarial del contador público en las pymes de Cartagena / |
| Statement of responsibility, etc. | Belsy Yaneth Contreras Rocha; Asesor:Jorquis Machado. |
| 260 ## - PUBLICATION, DISTRIBUTION, ETC. | |
| Place of publication, distribution, etc. | Cartagena de Indias : |
| Name of publisher, distributor, etc. | Corporación Universitaria Rafael Núñez, |
| Date of publication, distribution, etc. | 2025. |
| 300 ## - PHYSICAL DESCRIPTION | |
| Extent | 18 hojas. |
| 336 ## - CONTENT TYPE | |
| Content type term | text |
| Content type code | txt |
| Source | rdacontent |
| 337 ## - MEDIA TYPE | |
| Media type term | unmediated |
| Media type code | n |
| Source | rdamedia |
| 338 ## - CARRIER TYPE | |
| Carrier type term | volume |
| Carrier type code | nc |
| Source | rdacarrier |
| 502 ## - DISSERTATION NOTE | |
| Dissertation note | Trabajo de grado (Contador público). Corporación Universitaria Rafael Núñez. Facultad de Ciencias Administrativas y Contables. Programa de Contaduría Pública, 2025. |
| 520 8# - SUMMARY, ETC. | |
| Summary, etc. | "En este trabajo se realizará una revision documental de la responsabilidad social empresarial (RSE) el cual es un concepto que ha adquirido una creciente importancia en el mundo de los negocios, y el rol que desempeña el contador publico de los procesos contables en las organizaciones así mismo puede impactar dentro de si mismo. pues implica que las empresas no solo deben preocuparse por maximizar sus ganancias, sino también por su impacto social, económico y ambiental. En este contexto, el contador público juega un papel crucial en las pequeñas y medianas empresas (pymes) de Colombia, pues su conocimiento técnico y ético le permite orientar a las organizaciones en la adopción de prácticas responsables y sostenibles que van más allá de la simple rentabilidad." |
| 650 #0 - SUBJECT ADDED ENTRY--TOPICAL TERM | |
| Topical term or geographic name entry element | Contaduría pública |
| General subdivision | Tesis y disertaciones académicas. |
| 700 1# - ADDED ENTRY--PERSONAL NAME | |
| Personal name | Machado, Jorquis, |
| Relator term | asesor. |
| 856 7# - ELECTRONIC LOCATION AND ACCESS | |
| Uniform Resource Identifier | <a href="https://unicurn.sharepoint.com/:b:/s/biblioteca/EU4s40JyyPdBn3toSEthK9EBA-Mot69NjcEnYqMknDXZQA?e=VrXxxw">https://unicurn.sharepoint.com/:b:/s/biblioteca/EU4s40JyyPdBn3toSEthK9EBA-Mot69NjcEnYqMknDXZQA?e=VrXxxw</a> |
| Public note | Click para ver el recurso en texto completo |
| 942 ## - ADDED ENTRY ELEMENTS (KOHA) | |
| Source of classification or shelving scheme | Dewey Decimal Classification |
| Institution code [OBSOLETE] | MHC |
| -- | MHC |
| Koha item type | Trabajos de grado |
| Classification part | COP 2025 |
| Item part | C764 |
| Withdrawn status | Lost status | Source of classification or shelving scheme | Damaged status | Not for loan | Collection | Home library | Current library | Shelving location | Date acquired | Total checkouts | Full call number | Barcode | Date last seen | Price effective from | Koha item type |
|---|---|---|---|---|---|---|---|---|---|---|---|---|---|---|---|
| Dewey Decimal Classification | Trabajos de grado | Miguel Henríquez Castañeda | Miguel Henríquez Castañeda | Trabajo de grado | 06/26/2025 | COP 2025 C764 | 025573 | 06/26/2025 | 06/26/2025 | Trabajos de grado |